00427nam a2200181Ia 4500008004100000020001800041245002800059245002600087260001500113260001600128260000900144300001500153300002500168300001000193440002700203440000700230500000800237170705s9999 xx 000 0 und d a9780439429351 aVoyage to the volcano / cJudith Bauer Stamper. aNew York : bScholastic, c2003 a87 pages : bcolor illustration ; c19cm. aThe magic school bus ; v15 a620